Normal view MARC view

Entry Personal Name

Number of records used in: 1

001 - CONTROL NUMBER

  • control field: 1236800

003 - CONTROL NUMBER IDENTIFIER

  • control field: OSt

005 - DATE AND TIME OF LATEST TRANSACTION

  • control field: 20260430150216.0

008 - FIXED-LENGTH DATA ELEMENTS

  • fixed length control field: 260430|| aca||aabn | a|a d

040 ## - CATALOGING SOURCE

  • Original cataloging agency: OSt
  • Transcribing agency: OSt

100 ## - HEADING--PERSONAL NAME

  • Personal name: Aarti Au.; Anand Subhash Gu.; singh R.B. Gu

670 ## - SOURCE DATA FOUND

  • Source citation: Work cat.: (OSt)1849221: Aarti Au.; Anand Subhash Gu.; singh R.B. Gu., Impact of Climate Change on Nutrition and Health in Mounrain Reegion: Case Study of Kumaon Himalaya, 2021
Copyright @ Delhi University Library System